| Tag |
First Indicator |
Second Indicator |
Subfields |
| LEADER |
00000cam a2200000 a 4500 |
| 001 |
in00000015696 |
| 005 |
20151007052559.0 |
| 008 |
870526s1987 nyua b 10110 eng |
| 010 |
|
|
|a 87081512
|
| 035 |
|
|
|a (OCoLC)17351619
|
| 035 |
|
|
|9 AAA8373AM
|
| 040 |
|
|
|a DLC
|c DLC
|d TXA
|d UtOrBLW
|
| 049 |
|
|
|a TXAM
|c [A11489002]
|
| 050 |
0 |
0 |
|a TK7876.5
|b .I58 1987
|
| 082 |
0 |
|
|a 621.381/3
|2 19
|
| 111 |
2 |
|
|a International Conference on Infrared and Millimeter Waves
|n (12th :
|d 1987 :
|c Lake Buena Vista, Fla.)
|
| 245 |
1 |
0 |
|a Conference digest :
|b December 14-18, 1987, Lake Buena Vista (Orlando), Florida ; Twel[f]th International Conference on Infrared and Millimeter Waves /
|c Richard J. Temkin, editor ; sponsored by IEEE Microwave Theory and Techniques Society.
|
| 264 |
|
1 |
|a New York, N.Y. :
|b Institute of Electrical and Electronics Engineers ;
|a Piscataway, NJ, U.S.A. :
|b Order from IEEE Service Center,
|c [1987]
|
| 264 |
|
4 |
|c ©1987
|
| 300 |
|
|
|a xxix, 394 pages :
|b illustrations ;
|c 28 cm.
|
| 336 |
|
|
|a text
|b txt
|2 rdacontent
|
| 337 |
|
|
|a unmediated
|b n
|2 rdamedia
|
| 338 |
|
|
|a volume
|b nc
|2 rdacarrier
|
| 500 |
|
|
|a At head of title: IRMM 1987.
|
| 500 |
|
|
|a "IEEE catalog number: 87CH2490-1."
|
| 500 |
|
|
|a Spine title: 1987 IEEE Twelfth International Conference on infrared and millimeter waves.
|
| 504 |
|
|
|a Includes bibliographies and index.
|
| 650 |
|
0 |
|a Millimeter waves
|v Congresses.
|
| 650 |
|
0 |
|a Submillimeter waves
|v Congresses.
|
| 650 |
|
0 |
|a Free electron lasers
|v Congresses.
|
| 650 |
|
0 |
|a Gyrotrons
|x Congresses.
|
| 650 |
|
0 |
|a Microwave devices
|v Congresses.
|
| 700 |
1 |
|
|a Temkin, Richard J.
|
| 710 |
2 |
|
|a IEEE Microwave Theory and Techniques Society.
|
| 740 |
0 |
|
|a 1987 IEEE Twelfth International Conference on infrared and millimetr waves.
|
| 999 |
|
|
|a MARS
|
| 999 |
f |
f |
|s 58666bae-122a-3218-a602-7ca741dd4868
|i 5f5de919-e75d-34ce-ad8d-8a6e1282763c
|t 0
|
| 952 |
f |
f |
|p ric
|a Texas A&M University
|b Rellis Campus
|c Joint Library Facility
|d Remote Storage
|t 0
|e TK7876.5 .I58 1987
|h Library of Congress classification
|i unmediated -- volume
|m A14811489002
|
| 998 |
f |
f |
|a TK7876.5 .I58 1987
|t 0
|l Remote Storage
|